00447nam a2200169 4500010001300000035001300013037001800026040001200044082001600056100002400072245005200096250001200148260004000160270003400200300002900234650001400263 aB-064078 aB-064078 bCen Lib / Ret aDPLbEn a349.54bDES aDesai, Satyajeet A. aPrinciples of Hindu law /cby Satyajeet A Desai a18th ed aNew DelhibButterworths Indiac2001 aButterworths IndiabNew Delhi a(v1. xli, 999)b24cm(Hb) aHindu law